书目信息 |
| 题名: |
火凤凰
|
|
| 作者: | 魏巍 著 | |
| 分册: | ||
| 出版信息: | 北京 人民文学出版社 1997.10 |
|
| 页数: | 753页 | |
| 开本: | 32开 | |
| 丛书名: | ||
| 单 册: | ||
| 中图分类: | I247.5 | |
| 科图分类: | ||
| 主题词: | 小说--中国 | |
| 电子资源: | ||
| ISBN: | 7-02-002241-3 | |
| 000 | 00479nam0 2200181 45 | |
| 001 | 0009272074 | |
| 005 | 20081030152350.90 | |
| 010 | @a7-02-002241-3@d31.80元 | |
| 100 | @a20000927d1997 km y0chiy0120 ea | |
| 101 | 0 | @achi |
| 200 | 1 | @a火凤凰@AHuo Feng Huang@f魏巍著@FWei Wei Zhu |
| 210 | @a北京@c人民文学出版社@d1997.10 | |
| 215 | @a753页@d32开 | |
| 606 | 0 | @a小说@x中国 |
| 690 | @aI247.5@v3 | |
| 701 | 0 | @a魏巍@4著 |
| 801 | @aCN@c20081030 | |
| 905 | @b157387-391@dI247.5@eW.125/2@f5 | |
| 火凤凰/魏巍著.-北京:人民文学出版社,1997.10 |
| 753页;32开 |
| ISBN 7-02-002241-3:31.80元 |
| ● |
| 相关链接 |
|
|
|
正题名:火凤凰
索取号:I247.5/W.125/2
 
预约/预借
| 序号 | 登录号 | 条形码 | 馆藏地/架位号 | 状态 | 备注 |
| 1 | 157387 | 201573877 | 社科二线422/422社科库 8排2列2层/ [索取号:I247.5/W.125/2] | 在馆 | |
| 2 | 157388 | 201573886 | 社科二线422/422社科库 8排2列2层/ [索取号:I247.5/W.125/2] | 在馆 | |
| 3 | 157390 | 201573902 | 文学库108/ [索取号:I247.5/W.125/2] | 在馆 | |
| 4 | 157391 | 201573911 | 文学库108/ [索取号:I247.5/W.125/2] | 在馆 | |
| 5 | 460691 | 204606916 | 社科二线422/422社科库 8排2列2层/ [索取号:I247.5/W.125/2] | 在馆 |